[Event "TIPC 2007 Open"]
[Site "Charleroi"]
[Date "2007.08.01"]
[Round "6"]
[White "Jourdain, Jean-Francois"]
[Black "Van Mechelen, Jan"]
[Result "0-1"]
[WhiteElo "2091"]
[BlackElo "2292"]
[PlyCount "80"]

1. e4 e6 2. d4 d5 3. Nc3 Bb4 4. e5 c5 5. a3 Bxc3+ 6. bxc3 Ne7 7. Qg4 O-O 8. Bd3
f5 9. exf6 Rxf6 10. Bg5 Rf7 11. Nf3 Nbc6 12. Qh4 h6 13. O-O hxg5 14. Nxg5 g6
15. Nxf7 Kxf7 16. Qh7+ Kf6 17. g4 Qg8 18. Qh6 c4 19. Be2 Kf7 20. f4 Qg7 21. Qh4
Bd7 22. Rab1 b6 23. Rf2 Kg8 24. Kh1 Rf8 25. Rbf1 Nd8 26. Qg3 Bc8 27. h4 Qf6 28.
Rh2 Nb7 29. h5 Nd6 30. hxg6 Ne4 31. Qh3 Qxg6 32. f5 exf5 33. Qh8+ Kf7 34. Qe5
Qd6 35. Rh7+ Ke8 36. Qxd6 Nxd6 37. gxf5 Bxf5 38. Bh5+ Kd8 39. Rg7 Rh8 40. Rg5
Bg6 0-1

[Event "TIPC 2007 Open"]
[Site "Charleroi"]
[Date "2007.08.01"]
[Round "6"]
[White "Le Quang, Kim"]
[Black "Russo, Julien"]
[Result "1-0"]
[WhiteElo "2284"]
[BlackElo "2081"]
[PlyCount "99"]

1. e4 e6 2. d4 d5 3. e5 c5 4. c3 Nc6 5. Nf3 Qb6 6. a3 c4 7. Nbd2 Na5 8. g3 Bd7
9. h4 Be7 10. Bh3 f5 11. exf6 gxf6 12. O-O h5 13. Re1 Nh6 14. Rb1 Ng4 15. Qe2
O-O-O 16. b3 Nxb3 17. Nxb3 cxb3 18. c4 dxc4 19. Qxc4+ Qc7 20. Qxb3 e5 21. dxe5
Bc5 22. Bxg4 hxg4 23. Bf4 Be6 24. Nh2 Rhg8 25. Nf1 Bd5 26. Qc2 Qc6 27. Ne3 Be4
28. Qxc5 Qxc5 29. Rbc1 Qxc1 30. Rxc1+ Bc6 31. exf6 Rd3 32. Bh6 Rd7 33. Nf5 Kd8
34. Bg5 Ke8 35. Re1+ Kf8 36. Bh6+ Kf7 37. Bg7 Re8 38. Rc1 Red8 39. Ne3 Rd3 40.
h5 Rxe3 41. fxe3 Rd3 42. Rc4 Rxa3 43. h6 Ra1+ 44. Kf2 Rh1 45. e4 Kg6 46. e5
Rf1+ 47. Ke3 Rf3+ 48. Kd4 Bd7 49. Rc7 Be6 50. Re7 1-0

[Event "TIPC 2007 Open"]
[Site "Charleroi"]
[Date "2007.08.01"]
[Round "6"]
[White "Bolzoni, Victor-Angel"]
[Black "Ponnet, Hendrik"]
[Result "1/2-1/2"]
[WhiteElo "2240"]
[BlackElo "2029"]
[PlyCount "124"]

1. e4 c5 2. Nf3 e6 3. d4 cxd4 4. Nxd4 Nf6 5. Nc3 Nc6 6. a3 d5 7. Bb5 Bd7 8.
exd5 Nxd4 9. Bxd7+ Qxd7 10. Qxd4 Nxd5 11. Nxd5 Qxd5 12. Qxd5 exd5 13. Be3 b6
14. O-O-O O-O-O 15. Rd3 Bc5 16. Rhd1 Bxe3+ 17. Rxe3 Rd7 18. Rc3+ Kb7 19. Re1
Rhd8 20. Kd2 Rd6 21. Re7+ R8d7 22. Rce3 Kc7 23. R3e5 Rxe7 24. Rxe7+ Rd7 25. Re8
Rd8 26. Re3 Kd6 27. Rh3 h6 28. Rg3 g6 29. Rh3 h5 30. Rf3 Ke6 31. a4 Rc8 32.
Re3+ Kd6 33. Kd3 Rc4 34. b3 Rc8 35. c3 Rc7 36. Kd4 Rc8 37. f4 f6 38. Kd3 Rc7
39. Rg3 Rg7 40. f5 g5 41. Re3 Re7 42. Rh3 Ke5 43. Rf3 Kd6 44. b4 Re4 45. g3 a5
46. Rf1 Ke5 47. Rb1 Kxf5 48. bxa5 bxa5 49. Rb5 Rxa4 50. Rxd5+ Kg4 51. c4 Ra1
52. c5 Rd1+ 53. Kc4 Rc1+ 54. Kb5 Kh3 55. Rd2 a4 56. Kc6 f5 57. Kd6 g4 58. c6 h4
59. gxh4 Kxh4 60. Rd5 Rxc6+ 61. Kxc6 f4 62. Rd4 f3 1/2-1/2

[Event "TIPC 2007 Open"]
[Site "Charleroi"]
[Date "2007.08.02"]
[Round "7"]
[White "Decellier, Patrick"]
[Black "Bolzoni, Victor-Angel"]
[Result "0-1"]
[WhiteElo "1968"]
[BlackElo "2240"]
[PlyCount "68"]

1. e4 c5 2. Nc3 e6 3. Nge2 Nc6 4. g3 d5 5. exd5 exd5 6. Bg2 d4 7. Nd5 d3 8.
Nef4 dxc2 9. Qxc2 Nd4 10. Qe4+ Be7 11. O-O Bf5 12. Qe5 Kf8 13. Re1 Bd6 14. Qe3
Nc2 15. Qe2 Nxe1 16. Qxe1 Ne7 17. d3 Nxd5 18. Nxd5 Qd7 19. Qc3 h5 20. Bg5 Re8
21. Bf6 Rh7 22. Bxg7+ Rxg7 23. Nf6 Qe7 24. Nxe8 Qxe8 25. Re1 Qd7 26. Qf6 Kg8
27. Bxb7 Be6 28. Be4 Be7 29. Qe5 Qd6 30. Qxh5 Bf6 31. Qe2 Bd4 32. Qc2 Rxg3+ 33.
hxg3 Qxg3+ 34. Kh1 Bxf2 0-1

[Event "TIPC 2007 Open"]
[Site "Charleroi"]
[Date "2007.08.02"]
[Round "7"]
[White "Vanderwaeren, Serge"]
[Black "Schut, Lisa"]
[Result "1/2-1/2"]
[WhiteElo "2225"]
[BlackElo "1912"]
[PlyCount "29"]

1. Nf3 c5 2. c4 Nc6 3. d4 cxd4 4. Nxd4 Nf6 5. Nc3 g6 6. g3 Bg7 7. Bg2 Nxd4 8.
Qxd4 O-O 9. O-O d6 10. Bg5 h6 11. Bxf6 Bxf6 12. Qd2 Be6 13. b3 Rb8 14. Rac1 Kh7
15. Rfd1 1/2-1/2

[Event "TIPC 2007 Open"]
[Site "Charleroi"]
[Date "2007.08.02"]
[Round "7"]
[White "Ponnet, Hendrik"]
[Black "Schut, Han"]
[Result "0-1"]
[WhiteElo "2029"]
[BlackElo "2190"]
[PlyCount "90"]

1. e4 e6 2. d4 d5 3. Nd2 Nf6 4. e5 Nfd7 5. Bd3 c5 6. c3 Nc6 7. Ne2 cxd4 8. cxd4
f6 9. Nf4 Nxd4 10. Qh5+ Ke7 11. exf6+ Nxf6 12. Ng6+ hxg6 13. Qxh8 Kf7 14. Qh4
e5 15. Nf3 Nxf3+ 16. gxf3 Bf5 17. Bxf5 gxf5 18. Bg5 Qa5+ 19. Kf1 Bd6 20. Kg2
Ke6 21. Rhc1 d4 22. Rc4 Qd5 23. Rac1 d3 24. Bxf6 gxf6 25. Qh7 Qxc4 26. Rxc4 d2
27. Qxb7 Rb8 28. Qg7 d1=Q 29. Rh4 Qd2 30. Rh6 Rf8 31. Rh7 Qg5+ 32. Qxg5 fxg5
33. Rxa7 Rc8 34. a3 Rc2 35. b4 Ra2 36. Ra5 Ra1 37. Ra6 Ra2 38. Ra5 e4 39. fxe4
fxe4 40. Kf1 Be5 41. h3 Bd4 42. Rxg5 Rxf2+ 43. Ke1 Ra2 44. Rg8 Kd5 45. Re8 e3
0-1

[Event "TIPC 2007 Open"]
[Site "Charleroi"]
[Date "2007.08.02"]
[Round "7"]
[White "Sclacmender, Julien"]
[Black "Marville, Gregoire"]
[Result "1/2-1/2"]
[WhiteElo "2131"]
[BlackElo "2040"]
[PlyCount "30"]

1. e4 d5 2. exd5 Qxd5 3. Nc3 Qa5 4. d4 Nf6 5. Bc4 Bg4 6. f3 Bf5 7. Bd2 Qb6 8.
g4 Bg6 9. g5 Qxd4 10. Qe2 Qh4+ 11. Kf1 Nfd7 12. Nd5 Kd8 13. Re1 e6 14. Nf4 Bf5
15. Ng2 Qd4 1/2-1/2

[Event "TIPC 2007 Open"]
[Site "Charleroi"]
[Date "2007.08.02"]
[Round "7"]
[White "Buhmann, Rainer"]
[Black "Henris, Luc"]
[Result "1-0"]
[WhiteElo "2583"]
[BlackElo "2294"]
[PlyCount "117"]

1. Nf3 f5 2. c4 Nf6 3. Nc3 d6 4. d4 g6 5. g3 Bg7 6. Bg2 O-O 7. O-O e6 8. Bg5 h6
9. Bxf6 Qxf6 10. e4 e5 11. dxe5 dxe5 12. Nh4 c6 13. c5 Na6 14. b4 Be6 15. a3
Rad8 16. Qc2 Rd4 17. Nf3 Rdd8 18. Rad1 f4 19. Rxd8 Rxd8 20. Rd1 g5 21. Rxd8+
Qxd8 22. Bf1 Nc7 23. Nb1 Nb5 24. Qd3 Qxd3 25. Bxd3 Nc7 26. Nbd2 g4 27. Ne1 h5
28. Bc4 Kf7 29. Nd3 f3 30. a4 Ke7 31. Bxe6 Nxe6 32. h3 Nd4 33. hxg4 hxg4 34.
Kf1 Nc2 35. Nc4 Ke6 36. Na5 Na3 37. Ke1 b5 38. cxb6 axb6 39. Nxc6 Kd6 40. Na7
Kc7 41. Nb5+ Nxb5 42. axb5 Kd6 43. Nb2 Ke6 44. Kd2 Bf8 45. Kc3 Bh6 46. Nc4 Bg5
47. Kd3 Be7 48. Ne3 Bxb4 49. Nxg4 Bc5 50. Nh2 Bxf2 51. g4 Bc5 52. Nxf3 Be7 53.
Kc4 Bd8 54. g5 Be7 55. g6 Bf6 56. Nh2 Bh8 57. Ng4 Bg7 58. Ne3 Kf6 59. Nf5 1-0

[Event "TIPC 2007 Open"]
[Site "Charleroi"]
[Date "2007.08.02"]
[Round "7"]
[White "Van Mechelen, Jan"]
[Black "Hetey, Laszlo"]
[Result "0-1"]
[WhiteElo "2292"]
[BlackElo "2344"]
[PlyCount "82"]

1. d4 Nf6 2. Bg5 e6 3. e3 h6 4. Bh4 b6 5. Nd2 Bb7 6. Ngf3 d6 7. Bxf6 Qxf6 8.
Bd3 Nd7 9. Qe2 a5 10. h4 g6 11. O-O-O Bg7 12. g4 Qe7 13. c3 e5 14. dxe5 Nxe5
15. Nxe5 Bxe5 16. Bb5+ c6 17. Bd3 b5 18. f4 Bg7 19. g5 b4 20. c4 c5 21. Rhe1
hxg5 22. hxg5 O-O-O 23. Qf2 a4 24. e4 a3 25. b3 f6 26. gxf6 Qxf6 27. e5 dxe5
28. Qxc5+ Qc6 29. Qxc6+ Bxc6 30. Bxg6 exf4 31. Ne4 Rxd1+ 32. Kxd1 f3 33. Rf1
Rh2 34. Nf2 Bd4 35. Ke1 Bc3+ 36. Kd1 Bd4 37. Ke1 Kc7 38. Bb1 Bc3+ 39. Kd1 Bd4
40. Nd3 Be3 41. Ke1 Be4 0-1

[Event "TIPC 2007 Open"]
[Site "Charleroi"]
[Date "2007.08.02"]
[Round "7"]
[White "Claessens, Pieter"]
[Black "Le Quang, Kim"]
[Result "1-0"]
[WhiteElo "2388"]
[BlackElo "2284"]
[PlyCount "79"]

1. d4 Nf6 2. Bg5 Ne4 3. Bf4 d5 4. Nd2 Bf5 5. Nxe4 Bxe4 6. e3 e6 7. f3 Bg6 8. h4
h6 9. h5 Bh7 10. Bd3 Bxd3 11. Qxd3 Nc6 12. O-O-O Bd6 13. Ne2 Qe7 14. Bxd6 cxd6
15. Kb1 O-O-O 16. Rc1 Kb8 17. Qa3 Rc8 18. c4 dxc4 19. Rxc4 b6 20. Rhc1 Na5 21.
R4c3 Rxc3 22. Qxc3 d5 23. b3 Qd7 24. Qe1 Kb7 25. Qg3 Rg8 26. Rc3 Nc6 27. Nc1 e5
28. dxe5 Qf5+ 29. Nd3 Qxh5 30. e6 fxe6 31. Qd6 Rc8 32. Qxe6 Rc7 33. Nf4 Qh1+
34. Kb2 Qd1 35. Qxd5 Qxd5 36. Nxd5 Rd7 37. e4 Nd4 38. Rd3 Ne2 39. f4 Ng3 40.
Rxg3 1-0

[Event "TIPC 2007 Open"]
[Site "Charleroi"]
[Date "2007.08.02"]
[Round "7"]
[White "Thompson, Ian"]
[Black "Van Uytven, Eric"]
[Result "1/2-1/2"]
[WhiteElo "2322"]
[BlackElo "2181"]
[PlyCount "48"]

1. c4 e5 2. g3 Nf6 3. Bg2 d5 4. cxd5 Nxd5 5. Nf3 Nc6 6. O-O Nb6 7. d3 Be7 8.
Nbd2 O-O 9. b3 Re8 10. Bb2 Bf8 11. Rc1 f6 12. a3 Ne7 13. b4 Nf5 14. Nb3 c6 15.
e4 Nd6 16. Nc5 Bg4 17. Qb3+ Kh8 18. d4 Nd7 19. Nd2 exd4 20. f3 Nxc5 21. bxc5
Be6 22. Qd3 Nb5 23. Kh1 Qd7 24. Nb1 b6 1/2-1/2

[Event "TIPC 2007 Open"]
[Site "Charleroi"]
[Date "2007.08.02"]
[Round "7"]
[White "Hody, Pierre"]
[Black "Maes, Wim"]
[Result "0-1"]
[WhiteElo "2114"]
[BlackElo "2319"]
[PlyCount "86"]

1. e4 c5 2. Nf3 e6 3. d4 cxd4 4. Nxd4 Nc6 5. Nc3 Qc7 6. Be3 a6 7. Be2 Nf6 8. a3
Nxd4 9. Qxd4 Bd6 10. O-O-O Be5 11. Qd3 b5 12. f3 Bb7 13. Bd4 O-O 14. Bxe5 Qxe5
15. Qd6 Qxd6 16. Rxd6 Bc6 17. Re1 Rfc8 18. Bf1 Kf8 19. e5 Ne8 20. Rd4 f6 21. f4
Rc7 22. g4 Kg8 23. Bd3 Rac8 24. Kb1 Rb8 25. Re3 Ba8 26. Rh3 g6 27. Rg3 Kf7 28.
h4 Rd8 29. exf6 Nxf6 30. f5 e5 31. Rd6 Rc6 32. Rxc6 Bxc6 33. fxg6+ hxg6 34. g5
Nh5 35. Re3 d6 36. Re1 Nf4 37. Rf1 Ke7 38. Ne4 Bxe4 39. Bxe4 d5 40. Bh1 Rh8 41.
Bf3 Rxh4 42. Rh1 Rxh1+ 43. Bxh1 Kd6 0-1

[Event "TIPC 2007 Open"]
[Site "Charleroi"]
[Date "2007.08.02"]
[Round "7"]
[White "Mohandesi, Shahin"]
[Black "Hoffmeister, Frank"]
[Result "1-0"]
[WhiteElo "2318"]
[BlackElo "2107"]
[PlyCount "105"]

1. d4 Nf6 2. c4 g6 3. Nc3 d5 4. Bf4 Bg7 5. e3 O-O 6. Qb3 dxc4 7. Bxc4 Nc6 8.
Be2 Nd7 9. Rd1 e5 10. dxe5 Ncxe5 11. Nf3 Nxf3+ 12. Bxf3 c6 13. Bg4 Ne5 14. Rxd8
Rxd8 15. Qc2 Nd3+ 16. Ke2 Bxg4+ 17. f3 Bf5 18. Ne4 Nxf4+ 19. exf4 Rd4 20. Rd1
Rad8 21. Rxd4 Bxd4 22. g4 Bc8 23. Kf1 Kg7 24. Ng3 Rd5 25. b3 f5 26. h3 Be6 27.
Ne2 Bf6 28. g5 Be7 29. Qc3+ Kg8 30. Nc1 Bf8 31. Qe3 Kf7 32. Nd3 Bg7 33. Ke2 Bd4
34. Qd2 Rd7 35. Qa5 Bd5 36. Ne5+ Bxe5 37. fxe5 b6 38. Qa6 Rc7 39. Ke3 Ke6 40.
Qa4 Rf7 41. Kf4 Rc7 42. h4 Rd7 43. Qa6 Re7 44. b4 b5 45. Qa3 Rd7 46. Qb2 Bc4
47. Qf2 Rd3 48. Qc5 Bd5 49. Qd6+ Kf7 50. e6+ Kg8 51. Qd8+ Kg7 52. Qf6+ Kg8 53.
Qf7+ 1-0

[Event "TIPC 2007 Open"]
[Site "Charleroi"]
[Date "2007.08.03"]
[Round "8"]
[White "Maes, Wim"]
[Black "Buhmann, Rainer"]
[Result "1/2-1/2"]
[WhiteElo "2319"]
[BlackElo "2583"]
[PlyCount "41"]

1. e4 c5 2. Nf3 Nc6 3. d3 g6 4. g3 Bg7 5. Bg2 e5 6. a3 Nge7 7. c3 d5 8. Nbd2
O-O 9. O-O h6 10. b4 cxb4 11. axb4 dxe4 12. dxe4 Qd3 13. Ra3 Be6 14. Re1 a6 15.
Bf1 Qd7 16. Nb3 Qxd1 17. Rxd1 Bg4 18. Rd3 Rad8 19. Nfd2 Rxd3 20. Bxd3 Rd8 21.
Bf1 1/2-1/2

[Event "TIPC 2007 Open"]
[Site "Charleroi"]
[Date "2007.08.03"]
[Round "8"]
[White "Schut, Han"]
[Black "Claessens, Pieter"]
[Result "0-1"]
[WhiteElo "2190"]
[BlackElo "2388"]
[PlyCount "86"]

1. e4 e6 2. d4 d5 3. Nd2 Be7 4. c3 c5 5. dxc5 Bxc5 6. Nb3 Bb6 7. exd5 exd5 8.
Bb5+ Nc6 9. Qe2+ Nge7 10. Be3 O-O 11. Nf3 Bg4 12. h3 Bxf3 13. Qxf3 Bxe3 14.
Qxe3 Nf5 15. Qd3 Re8+ 16. Kf1 Qf6 17. Bxc6 bxc6 18. g3 Ne3+ 19. Kg1 Nc4 20. Rb1
Re7 21. Kg2 Rae8 22. Rhf1 Re2 23. Kg1 g6 24. Qd4 Qf3 25. Qg4 Qxg4 26. hxg4 Rxb2
27. Rxb2 Nxb2 28. Nc5 Re2 29. Rb1 Rc2 30. g5 Kg7 31. Nd7 Nd3 32. Rb8 Nxf2 33.
Nf6 Nh3+ 34. Kf1 Nxg5 35. Ne8+ Kh6 36. Rb4 Ne4 37. Rb7 Rxa2 38. Rxf7 Nxg3+ 39.
Kg1 Ne4 40. Ng7 Kg5 41. Ne6+ Kg4 42. Rxh7 Kg3 43. Kf1 Nxc3 0-1

[Event "TIPC 2007 Open"]
[Site "Charleroi"]
[Date "2007.08.03"]
[Round "8"]
[White "Bolzoni, Victor-Angel"]
[Black "Mohandesi, Shahin"]
[Result "0-1"]
[WhiteElo "2240"]
[BlackElo "2318"]
[PlyCount "86"]

1. e4 c5 2. Nf3 Nc6 3. d4 cxd4 4. Nxd4 Nf6 5. Nc3 e5 6. Ndb5 d6 7. Nd5 Nxd5 8.
exd5 Nb8 9. c4 Nd7 10. Bd3 Be7 11. O-O O-O 12. Qc2 h6 13. f4 a6 14. Nc3 Nc5 15.
Bh7+ Kh8 16. b4 Nd7 17. Be3 exf4 18. Bxf4 Qb6+ 19. Kh1 Qxb4 20. Bd3 Ne5 21.
Rab1 Qa5 22. Be3 Qd8 23. Bb6 Qe8 24. Bd4 Qd7 25. Na4 Qg4 26. Ba1 Nxd3 27. Qxd3
b5 28. Nb6 bxc4 29. Qc3 Rb8 30. Rbe1 Rxb6 31. Rxe7 f6 32. Qe3 Qf5 33. Qc1 Qd3
34. Rd1 Qg6 35. Qxc4 Bg4 36. Rf1 Rc8 37. Qf4 Rb1 38. h3 Rxf1+ 39. Qxf1 Bf5 40.
Re3 Be4 41. Kh2 Rc2 42. Rg3 Qf5 43. Qxa6 Qf4 0-1

[Event "TIPC 2007 Open"]
[Site "Charleroi"]
[Date "2007.08.03"]
[Round "8"]
[White "Jadoul, Michel"]
[Black "Dal Borgo, Albin"]
[Result "1/2-1/2"]
[WhiteElo "2337"]
[BlackElo "2147"]
[PlyCount "40"]

1. b3 e5 2. Bb2 Nc6 3. e3 Nf6 4. Bb5 Bd6 5. Nh3 a6 6. Be2 O-O 7. O-O Be7 8. f4
d6 9. fxe5 dxe5 10. Nf2 Bd6 11. c4 e4 12. Nc3 Qe7 13. Qb1 Bf5 14. a3 Bg6 15. b4
Rad8 16. Qc2 Rfe8 17. Rad1 Qe5 18. g3 Qe6 19. Kh1 h5 20. Rg1 Ne5 1/2-1/2

[Event "TIPC 2007 Open"]
[Site "Charleroi"]
[Date "2007.08.03"]
[Round "8"]
[White "Marville, Gregoire"]
[Black "Van Mechelen, Jan"]
[Result "0-1"]
[WhiteElo "2040"]
[BlackElo "2292"]
[PlyCount "74"]

1. d4 e6 2. Bf4 Nf6 3. c3 b6 4. Nf3 Bb7 5. Nbd2 Be7 6. h3 O-O 7. e3 c5 8. Bd3
Nc6 9. O-O cxd4 10. exd4 d6 11. Qe2 Qd7 12. Rfe1 Rfe8 13. Qf1 Rad8 14. Bb5 Qc8
15. a4 h6 16. Rad1 Bf8 17. Bg3 a6 18. Bd3 Nh5 19. Bh2 Ne7 20. Be4 Nd5 21. Nc4
Qc7 22. Nfd2 Nhf6 23. Bf3 b5 24. axb5 axb5 25. Ne3 Qb6 26. Nb3 Ra8 27. Nc1 Nxe3
28. fxe3 Bxf3 29. Qxf3 d5 30. Nd3 b4 31. Rb1 Rec8 32. Bf4 Ne4 33. Ne5 Qa7 34.
Qg4 Kh7 35. Qh5 g6 36. Qg4 h5 37. Qh4 Be7 0-1

[Event "TIPC 2007 Open"]
[Site "Charleroi"]
[Date "2007.08.03"]
[Round "8"]
[White "Le Quang, Kim"]
[Black "Sclacmender, Julien"]
[Result "0-1"]
[WhiteElo "2284"]
[BlackElo "2131"]
[PlyCount "82"]

1. c4 e5 2. g3 Nf6 3. Bg2 Bc5 4. Nc3 O-O 5. e3 Nc6 6. a3 a5 7. Nge2 Re8 8. d3
d6 9. h3 Bf5 10. O-O Qc8 11. Kh2 h6 12. b3 Bg6 13. Bb2 Bh5 14. Qd2 Ba7 15. Rae1
Ne7 16. f3 c6 17. g4 Bg6 18. f4 exf4 19. Nxf4 Bb8 20. Nce2 Nd7 21. Kh1 f6 22.
Nd4 Bf7 23. Be4 Nc5 24. Bf5 Nxf5 25. gxf5 d5 26. cxd5 Bxf4 27. Rxf4 Bxd5+ 28.
e4 Qc7 29. Rg4 h5 30. Rg2 Nxe4 31. dxe4 Rxe4 32. Rxe4 Bxe4 33. Kg1 Rd8 34. Qe3
Bxg2 35. Kxg2 c5 36. Ne6 Qc6+ 37. Kf2 Rd5 38. Qf3 Rd2+ 39. Kg3 Qxf3+ 40. Kxf3
Rxb2 41. Nxc5 b6 0-1

[Event "TIPC 2007 Open"]
[Site "Charleroi"]
[Date "2007.08.03"]
[Round "8"]
[White "Todts, Benny"]
[Black "Denayer, Eric"]
[Result "0-1"]
[WhiteElo "1951"]
[BlackElo "2276"]
[PlyCount "88"]

1. e4 c5 2. d4 cxd4 3. Nf3 Nc6 4. Nxd4 e5 5. Nf3 Nf6 6. Nc3 Bb4 7. Bc4 O-O 8.
O-O Bxc3 9. bxc3 d6 10. Re1 Qc7 11. Ba3 Ne8 12. Qd3 Be6 13. Bd5 Bxd5 14. exd5
Na5 15. Nxe5 dxe5 16. Bxf8 Kxf8 17. Qxh7 Nf6 18. Qh8+ Ng8 19. Re3 Nc4 20. Rg3
f6 21. Rd1 Nd6 22. h4 Rd8 23. h5 Qf7 24. Qh7 Nh6 25. c4 b6 26. Qd3 Qxh5 27. Rh3
Qg4 28. Rb1 Qxc4 29. Qa3 Rd7 30. Rc3 Qxd5 31. Rd3 Qc5 32. Qa4 Ke7 33. Rbd1 Nhf7
34. Qg4 g5 35. Qe2 Rc7 36. c3 Qc6 37. Qh5 Qe4 38. Re3 Qf5 39. Rf3 Qe6 40. Qh7
e4 41. Rh3 Rc8 42. Qg7 Nf5 43. Qg6 Nh4 44. Qg7 Qg4 0-1

[Event "TIPC 2007 Open"]
[Site "Charleroi"]
[Date "2007.08.03"]
[Round "8"]
[White "Jourdain, Jean-Francois"]
[Black "Vanderwaeren, Serge"]
[Result "1/2-1/2"]
[WhiteElo "2091"]
[BlackElo "2225"]
[PlyCount "31"]

1. e4 Nf6 2. e5 Nd5 3. d4 d6 4. Nf3 g6 5. Be2 Bg7 6. O-O O-O 7. c4 Nb6 8. Nc3
Nc6 9. exd6 cxd6 10. h3 Bf5 11. Be3 d5 12. b3 dxc4 13. bxc4 Na5 14. c5 Nd5 15.
Nxd5 Qxd5 16. Qa4 1/2-1/2

[Event "TIPC 2007 Open"]
[Site "Charleroi"]
[Date "2007.08.03"]
[Round "8"]
[White "Smokina, Karolina"]
[Black "Noiroux, Kevin"]
[Result "1-0"]
[WhiteElo "2205"]
[BlackElo "2071"]
[PlyCount "59"]

1. d4 d5 2. c4 e5 3. dxe5 d4 4. a3 Nc6 5. Nf3 Bg4 6. Nbd2 Qe7 7. h3 Bxf3 8.
Nxf3 O-O-O 9. Bg5 f6 10. exf6 Nxf6 11. Qd3 h6 12. Bxf6 Qxf6 13. g3 g5 14. Bg2
h5 15. h4 Ne5 16. Nxe5 Qxe5 17. hxg5 Qxg5 18. b4 Kb8 19. c5 c6 20. Rh4 Bg7 21.
a4 Rhe8 22. Bf3 Re3 23. Rxh5 Qxh5 24. Bxh5 Rxd3 25. exd3 Rh8 26. Bf3 Re8+ 27.
Be4 Re5 28. a5 a6 29. f4 Rh5 30. Kf2 1-0

[Event "TIPC 2007 Open"]
[Site "Charleroi"]
[Date "2007.08.03"]
[Round "8"]
[White "Van Uytven, Eric"]
[Black "Schut, Lisa"]
[Result "1-0"]
[WhiteElo "2181"]
[BlackElo "1912"]
[PlyCount "119"]

1. d4 Nf6 2. c4 g6 3. Nc3 d5 4. cxd5 Nxd5 5. e4 Nxc3 6. bxc3 Bg7 7. Be3 c5 8.
Qd2 Qa5 9. Rb1 cxd4 10. cxd4 Qxd2+ 11. Kxd2 O-O 12. Nf3 Nc6 13. Bd3 f5 14. exf5
gxf5 15. d5 Ne5 16. Nxe5 Bxe5 17. f4 Bd6 18. Rhc1 Rd8 19. Ke2 Kf7 20. g3 b6 21.
Bb5 Bb7 22. Bc6 Bxc6 23. dxc6 Bc7 24. Rb5 e6 25. a4 Rd5 26. Rxd5 exd5 27. Kd3
Re8 28. Bd4 Rc8 29. a5 Ke6 30. Rb1 Kd6 31. axb6 axb6 32. Bxb6 Bxb6 33. Rxb6
Rxc6 34. Rb8 Rc7 35. Rf8 Ke6 36. Re8+ Kf6 37. Re5 Rc5 38. Kd4 Ra5 39. Rxd5 Ra6
40. Ke3 Re6+ 41. Kf3 Ra6 42. Rd2 Ra3+ 43. Kg2 Ra6 44. Kh3 Kg6 45. Kh4 h6 46.
Rb2 Rc6 47. Ra2 Rb6 48. Ra8 Rc6 49. Ra5 Rb6 50. Ra3 Rc6 51. h3 Rb6 52. g4 Rf6
53. Ra4 Rb6 54. Ra5 Rf6 55. Kg3 fxg4 56. hxg4 Rb6 57. Ra3 Rf6 58. Re3 Ra6 59.
Kh4 Rf6 60. Re6 1-0

[Event "TIPC 2007 Open"]
[Site "Charleroi"]
[Date "2007.08.03"]
[Round "8"]
[White "Henris, Luc"]
[Black "Winants, Henri"]
[Result "1-0"]
[WhiteElo "2294"]
[BlackElo "2097"]
[PlyCount "39"]

1. e4 c5 2. Nf3 g6 3. d4 cxd4 4. Qxd4 Nf6 5. e5 Nc6 6. Qa4 Nd5 7. Qe4 Nc7 8.
Nc3 Bg7 9. Bf4 O-O 10. O-O-O b6 11. h4 Bb7 12. h5 Ne6 13. hxg6 hxg6 14. Be3 f5
15. exf6 Rxf6 16. Qh4 Rc8 17. Bc4 Na5 18. Qh7+ Kf8 19. Bxe6 Rxe6 20. Bh6 1-0

[Event "TIPC 2007 Open"]
[Site "Charleroi"]
[Date "2007.08.03"]
[Round "8"]
[White "Soors, Stef"]
[Black "Thompson, Ian"]
[Result "1/2-1/2"]
[WhiteElo "2126"]
[BlackElo "2322"]
[PlyCount "45"]

1. d4 d5 2. c4 e6 3. Nc3 Nf6 4. cxd5 exd5 5. Bg5 c6 6. e3 Bf5 7. Qf3 Bg6 8.
Bxf6 Qxf6 9. Qxf6 gxf6 10. Nf3 Nd7 11. O-O-O Rg8 12. Nh4 O-O-O 13. Be2 Bb4 14.
Rhg1 Rde8 15. g4 Kc7 16. Rg2 Nb6 17. Rdg1 Nc8 18. Nf5 Nd6 19. Nxd6 Bxd6 20. Kd2
Re7 21. f4 Be4 22. Nxe4 dxe4 23. g5 1/2-1/2

[Event "TIPC 2007 Open"]
[Site "Charleroi"]
[Date "2007.08.04"]
[Round "9"]
[White "Soors, Stef"]
[Black "Jadoul, Michel"]
[Result "1-0"]
[WhiteElo "2126"]
[BlackElo "2337"]
[PlyCount "103"]

1. d4 g6 2. c4 Bg7 3. Nc3 d6 4. e4 Nf6 5. f3 O-O 6. Be3 Nc6 7. Qd2 a5 8. Nge2
a4 9. g4 Nd7 10. Rb1 e5 11. d5 Nd4 12. Nxd4 exd4 13. Bxd4 Ne5 14. Be2 Qh4+ 15.
Kd1 Qh3 16. Qe3 c5 17. dxc6 bxc6 18. c5 dxc5 19. Bxc5 Re8 20. Kc2 Be6 21. Rhg1
Bc4 22. Bxc4 Nxc4 23. Qe2 Ne5 24. f4 Nd7 25. Rg3 Qh4 26. Bg1 Qf6 27. Rd1 Re7
28. Rgd3 a3 29. Bd4 Qxf4 30. Bxg7 Nc5 31. Bd4 Nxd3 32. Qxd3 Qxh2+ 33. Rd2 Qh1
34. Bf6 axb2 35. Bxe7 Qc1+ 36. Kb3 Rb8+ 37. Bb4 c5 38. a3 c4+ 39. Kxc4 b1=Q 40.
Qxb1 Rc8+ 41. Kb5 Qxd2 42. Qd1 Qg5+ 43. Nd5 h5 44. gxh5 gxh5 45. Qd4 h4 46. Bc3
Kh7 47. e5 Qg3 48. Nf6+ Kh8 49. Ne4 Qg6 50. e6+ Kh7 51. Nf6+ Kg7 52. Nd7+ 1-0

[Event "TIPC 2007 Open"]
[Site "Charleroi"]
[Date "2007.08.04"]
[Round "9"]
[White "Van Mechelen, Jan"]
[Black "Maes, Wim"]
[Result "1-0"]
[WhiteElo "2292"]
[BlackElo "2319"]
[PlyCount "133"]

1. e4 c5 2. Nf3 e6 3. c3 d5 4. exd5 Qxd5 5. d4 Nc6 6. Be3 cxd4 7. cxd4 Nf6 8.
Nc3 Qd6 9. a3 Be7 10. Bd3 O-O 11. O-O b6 12. Qe2 Bb7 13. Rad1 Rad8 14. Rfe1
Rfe8 15. Bg5 Qb8 16. Bb1 Qc8 17. Qc2 g6 18. Ba2 Na5 19. Qe2 Nd5 20. Ne4 Ba6 21.
Qd2 Bc4 22. Rc1 Qa6 23. Bxe7 Rxe7 24. Bxc4 Nxc4 25. Qe2 b5 26. Ne5 Nxe5 27.
dxe5 Qb6 28. Qg4 Kg7 29. Rcd1 Qc7 30. Nd6 Red7 31. Rd3 Qc2 32. Rh3 Qxb2 33. Qg5
h5 34. Rxh5 Rh8 35. Rxh8 Kxh8 36. h3 Qxa3 37. Re4 Rxd6 38. exd6 Qxd6 39. Qh6+
Kg8 40. Rh4 Qe5 41. Qc1 Nc3 42. Qd2 Qf6 43. g3 Nd5 44. Qa5 b4 45. Qxa7 Kf8 46.
Qc5+ Ke8 47. Rh8+ Kd7 48. Ra8 Qc3 49. Ra7+ Ke8 50. Qd6 Qe1+ 51. Kg2 Ne3+ 52.
Kf3 Qd1+ 53. Qxd1 Nxd1 54. Rb7 Nc3 55. Rxb4 Nd5 56. Rb7 Kf8 57. Ke4 Kg7 58. Ke5
Kg8 59. Rb5 Nc7 60. Rc5 Ne8 61. Rc8 Kf8 62. h4 Ke7 63. Rxe8+ Kxe8 64. Kf6 Kf8
65. g4 Kg8 66. f4 Kf8 67. h5 1-0

[Event "TIPC 2007 Open"]
[Site "Charleroi"]
[Date "2007.08.04"]
[Round "9"]
[White "Buhmann, Rainer"]
[Black "Smokina, Karolina"]
[Result "1-0"]
[WhiteElo "2583"]
[BlackElo "2205"]
[PlyCount "47"]

1. Nf3 d5 2. d4 Nf6 3. c4 c6 4. e3 a6 5. Nbd2 Bg4 6. h3 Bh5 7. g4 Bg6 8. Ne5 e6
9. h4 dxc4 10. Bxc4 Be4 11. Nxf7 Kxf7 12. Nxe4 Nxe4 13. Qf3+ Nf6 14. g5 Bb4+
15. Ke2 Nbd7 16. a3 Be7 17. gxf6 Nxf6 18. Bd2 b5 19. Ba2 c5 20. dxc5 Bxc5 21.
Rac1 Qd6 22. Rhd1 Qe7 23. e4 Bd4 24. Ba5 1-0

[Event "TIPC 2007 Open"]
[Site "Charleroi"]
[Date "2007.08.04"]
[Round "9"]
[White "Hovhanisian, Mher"]
[Black "Mohandesi, Shahin"]
[Result "1/2-1/2"]
[WhiteElo "2422"]
[BlackElo "2318"]
[PlyCount "76"]

1. d4 Nf6 2. Nf3 g6 3. c4 Bg7 4. Nc3 d5 5. e3 O-O 6. b4 a5 7. b5 c5 8. bxc6
bxc6 9. cxd5 cxd5 10. Bb5 Ba6 11. a4 Bxb5 12. Nxb5 Nbd7 13. O-O Nb6 14. Ne5 Ne4
15. Nd3 Nc4 16. Rb1 Qd7 17. Re1 Rfe8 18. f3 Ned6 19. Nc5 Qd8 20. Qd3 Rb8 21.
Bd2 Nxb5 22. Rxb5 Rxb5 23. axb5 e5 24. Bc3 Qh4 25. Rb1 Bh6 26. Be1 Qe7 27. Bf2
Rb8 28. e4 exd4 29. Qxd4 Na3 30. Re1 Nxb5 31. Qxd5 Rd8 32. Qc4 Nd6 33. Qa2 Ne8
34. g3 Bd2 35. Re2 Bb4 36. Na4 Rd3 37. Kg2 Nd6 38. Qc2 Ra3 {De partij ging nog
een tijd door. Mohandesi won een pion, maar Hovhanisian hield stand. De rest
is door de tijdnood volkomen onleesbaar.} 1/2-1/2

[Event "TIPC 2007 Open"]
[Site "Charleroi"]
[Date "2007.08.04"]
[Round "9"]
[White "Claessens, Pieter"]
[Black "Hetey, Laszlo"]
[Result "1/2-1/2"]
[WhiteElo "2388"]
[BlackElo "2344"]
[PlyCount "43"]

1. c4 Nf6 2. Nc3 c5 3. g3 g6 4. Bg2 Bg7 5. e4 Nc6 6. Nge2 O-O 7. d3 a6 8. O-O
d6 9. h3 Rb8 10. a4 Bd7 11. Be3 Ne8 12. d4 cxd4 13. Nxd4 Qc8 14. Nd5 Bxd4 15.
Bxd4 Bxh3 16. Ba7 Bxg2 17. Kxg2 Ra8 18. Be3 Qe6 19. Bh6 Ng7 20. Qc2 Rac8 21.
Rae1 f6 22. Qd2 1/2-1/2